000 00588nam a2200205Ia 4500
008 191130s2008##################000#0#eng##
020 _a9780745622361
040 _aACL
_cACL
082 _a320 HOL
100 _aHolmes, Peter
245 _aIntroducing politics for AS level
_cby Peter Holmes
260 _aCambridge
_bPolity
_c2008
300 _axvi, 624 p. ; 23 cm
500 _aIncludes index
650 _aGreat Britain -- Politics and government -- 1997-
650 _aPolitical science
990 _a8059bbf5ac10000c4ca0a942da5ae376
991 _a193943
999 _c219083
_d219083